000
00328nam a2200133Ia 4500
008
150201s2003 xx 000 0 und d
082
_a
612.95
_b
B03T
100
_a
TALWAR,GP
245
_a
TB OF BIOCHEMISTRY AND HUMAN BIOLOGY
250
_a
3RD
260
_b
PRENTICE HALL
_a
DELHI
_c
2003
650
_a
BIOCHEMISTRY
942
_2
ddc
_c
BK
999
_c
924
_d
924